000 01501nam a2200361 c 4500
999 _c198780
_d198780
003 BLK
005 20201215120921.0
008 180411b bul|||||r ||||||| ||bul||
010 _aKNG00208130000
040 _aBLK
041 _aBUL
_cBUL
080 _aИстория на Втората световна война (1939-1945)
_b94(100)"1939/1945"
_z94(100)"1939/1945"
100 1 _aКозачук, Владислав
_eпърви автор
_980649
139 _aКозачук, Владислав
_bК 75
245 1 0 _aТайната на "Енигма"
_bДокум. очерк
_cВладислав Козачук; прев. от пол. Боряна Райчева.
257 _aPOL
260 _bИзд. на БКП
_c1990
300 _a424 с.
_bсъс сх.
_c20 см
380 _a9
490 1 _aАрхивите са живи
500 _aОриг. загл. W kregu Enigmy / Wladyslaw Kozaczuk. - Без тир. - Библиогр. под линия. - Именен показалец.
650 4 _aШпионаж и диверсия
_9242689
650 4 _aВтора световна война - история
_9276224
653 _aшпионаж
653 _aВтора световна война
653 _aистория
700 1 _aРайчева, Боряна
_eпрев. от пол.
_9348400
852 _aЦб 162551
856 4 _qpdf
856 4 _qpdf
942 _cKNG
_n0
_s1
944 _aCR
_c16.06.2017
_kНаталия_Любомирова
944 _aED
_c26.02.2018
_kНаталия_Любомирова
999 _d198780